000 00283nam a22001337a 4500
008 170315b xxu||||| |||| 00| 0 eng d
020 _a0120277174
041 _aeng
080 _a611
100 _a7
101 _aSHM
245 _aMICROBIAL PHYSIOLOGY
_cROSE, A.H
942 _2udc
_cBK
999 _c7902
_d7902